Собирайся, мы уезжаем. Глянец: повести

Bibliografske podrobnosti
Glavni avtor: Трауб М. Маша
Izvleček:Маша Трауб представляет две новые повести — «Собирайся, мы уезжаем» и «Глянец». Их героини — наши современницы, успешные молодые женщины, отлично понимающие, что у глянца есть, увы, оборотная сторона, и мучительно ищущие ответ на вопрос «Как стать счастливой?».
Jezik:ruščina
Izdano: Москва, АСТ, 2007
Teme:
Format: MixedMaterials Knjiga
KOHA link:https://koha.lib.tpu.ru/cgi-bin/koha/opac-detail.pl?biblionumber=217605

MARC

LEADER 00000nam0a2200000 4500
001 217605
005 20231031194545.0
010 |a 9785170379408 
010 |a 978-5-9713-3558-0 
010 |a 978-5-9762-0772-1 
035 |a (RuTPU)RU\TPU\book\237606 
035 |a RU\TPU\book\152972 
090 |a 217605 
100 |a 20120607d2007 m y0rusy50 ca 
101 0 |a rus 
102 |a RU 
105 |a y z 000ay 
200 1 |a Собирайся, мы уезжаем. Глянец  |e повести  |f М. Трауб 
210 |a Москва  |c АСТ  |c АСТ Москва  |c Хранитель  |d 2007 
215 |a 286 с. 
330 |a Маша Трауб представляет две новые повести — «Собирайся, мы уезжаем» и «Глянец». Их героини — наши современницы, успешные молодые женщины, отлично понимающие, что у глянца есть, увы, оборотная сторона, и мучительно ищущие ответ на вопрос «Как стать счастливой?». 
610 1 |a русская литература 
610 1 |a повести 
610 1 |a любовь 
675 |a Р2  |v 3 
700 1 |a Трауб  |b М.  |g Маша 
801 1 |a RU  |b 63413507  |c 20080729  |g PSBO 
801 2 |a RU  |b 63413507  |c 20120615  |g PSBO 
942 |c BK